000 01390nam a2200325Ia 4500
001 ebr10351091
003 CaPaEBR
006 m u
007 cr cn|||||||||
008 090612s2009 enkac sb 001 0 eng d
010 _z 2009024385
020 _z9781444330731
040 _aCaPaEBR
_cCaPaEBR
035 _a(OCoLC)530178128
050 1 4 _aRD598.35.C39
_bV46 2009eb
082 0 4 _a617.4/120592
_222
245 0 0 _aVentricular tachycardia/fibrillation ablation
_h[electronic resource] :
_bthe state of the art based on the VeniceChart international consensus document /
_cedited by Andrea Natale, Antonio Raviele.
260 _aChichester, West Sussex, UK ;
_aHoboken, NJ :
_bWiley-Blackwell,
_c2009.
300 _axxvii, 279 p. :
_bill., ports.
504 _aIncludes bibliographical references and index.
533 _aElectronic reproduction.
_bPalo Alto, Calif. :
_cebrary,
_d2010.
_nAvailable via World Wide Web.
_nAccess may be limited to ebrary affiliated libraries.
650 0 _aCatheter ablation.
650 0 _aVentricular fibrillation
_xSurgery.
650 0 _aVentricular tachycardia
_xSurgery.
655 7 _aElectronic books.
_2local
700 1 _aNatale, Andrea.
700 1 _aRaviele, Antonio.
710 2 _aebrary, Inc.
856 4 0 _uhttp://site.ebrary.com/lib/rucke/Doc?id=10351091
_zAn electronic book accessible through the World Wide Web; click to view
999 _c45811
_d45811